Logo BPK

Biblioteka

Politechniki Koszalińskiej

Prawo upadłościowe i naprawcze / (Rekord nr 43319)

Szczegóły MARC
000 -ETYKIETA REKORDU
podpole kontrolne o stałej długości 00786nam a2200253 i 4500
001 - NUMER KONTROLNY REKORDU
pole kontrolne bg
020 ## - MIĘDZYNARODOWY ZNORMALIZOWANY NUMER KSIĄŻKI - ISBN
ISBN 8373331646
040 ## - ŹRÓDŁO KATALOGOWANIA
Instytucja, która utworzyła rekord BPK
041 0# - KOD JĘZYKA
Kod języka tekstu pol
080 ## - UNIWERSALNA KLASYFIKACJA DZIESIĘTNA - UKD
UKD 347.736/.739(438)
920 ## - Międzynarodowy znormalizowany numer książki – ISBN
ISBN 83-7333-164-6
008 - POLE O STAŁEJ DŁUGOŚCI - DANE KONTROLNE
podpole kontrolne o stałej długości s pl f |000 0 pol
100 1# - NAZWA OSOBOWA
Nazwa osobowa JAKUBECKI, Andrzej
245 10 - TYTUŁ/ODPOWIEDZIALNOŚĆ
Tytuł Prawo upadłościowe i naprawcze /
Pozostałe elementy strefy tytułu i oznaczenia odpowiedzialności Andrzej Jakubecki, Feliks Zedler.
260 ## - STREFA ADRESU WYDAWNICZEGO
Miejsce wydania Kraków :
Nazwa wydawcy/dystrybutora "Zakamycze",
Data publikacji, dystrybucji/powstania dokumentu 2003.
300 ## - STREFA OPISU FIZYCZNEGO
Objętość 1274, [1] s. ;
Rozmiary 21 cm.
490 1# - STREFA SERII I DOKUMENTU WIELOCZĘŚCIOWEGO - FORMA NIE DO WYSZUKIWANIA
Tytuł i oznaczenie odpowiedzialności serii Komentarze Zakamycza
504 ## - UWAGA DOTYCZĄCA BIBLIOGRAFII
Informacje o bibliografii Bibliogr.
650 #9 - HASŁO PRZEDMIOTOWE W FORMIE NAZWY OGÓLNEJ LUB JEDNOSTKOWEJ
Nazwa ogólna lub geograficzna Upadłość
Określnik ogólny prawo
Określnik geograficzny Polska
Określnik chronologiczny stan na 2003 r.
700 1# - HASŁO DODATKOWE - NAZWA OSOBOWA
Nazwa osobowa ZEDLER, Feliks
830 ## - HASŁO DODATKOWE SERII LUB DOKUMENTU WIELOCZĘŚCIOWEGO - TYTUŁ UJEDNOLICONY
Tytuł ujednolicony Komentarze Zakamycza
856 ## - LOKALIZACJA I DOSTĘP DO ELEKTRONICZNYCH DOKUMENTÓW ZDALNYCH
Link (URL) http://koha.tu.koszalin.pl/cgi-bin/koha/opac-detail.pl?biblionumber=43319
Tekst linku Katalog online BPK
942 ## - DODATKOWE ELEMENTY (KOHA)
Typ dokumentu Książka
Egzemplarze
Wycofany Status egzemplarza Uszkodzony Dostępność Lokalizacja stała Lokalizacja bieżąca Miejsce przechowywania Sygnatura Kod kreskowy Ostatnio wypożyczono Typ dokumentu
      Dostępny Biblioteka Politechniki Koszalińskiej Biblioteka Politechniki Koszalińskiej Wypożyczalnia BG 68699 02012131 03.08.2021 Książka
© 2023 Biblioteka Politechniki Koszalińskiej :: KOHA